[Event "GER-chT U14 Girls"]
[Site "Magdeburg"]
[Date "2015.12.29"]
[Round "5.2"]
[White "Heinze, Sabrina"]
[Black "Kuemmel, Tina"]
[Result "1/2-1/2"]
[WhiteElo "1318"]
[BlackElo "1371"]
[PlyCount "118"]
[EventDate "2015.12.27"]
[EventType "team-swiss"]
[EventRounds "7"]
[EventCountry "GER"]
[SourceTitle "EXT 2017"]
[Source "ChessBase"]
[SourceDate "2016.10.25"]
[SourceVersion "1"]
[SourceVersionDate "2016.10.25"]
[SourceQuality "1"]
[WhiteTeam "Ammersee"]
[BlackTeam "Coethen Germania"]
[WhiteTeamCountry "GER"]
[BlackTeamCountry "GER"]

1. e4 e6 2. d4 d5 3. Nc3 Nf6 4. exd5 exd5 5. Bd3 Bd6 6. Bg5 c6 7. Nf3 0-0 8. 0-0 Bg4 9. Re1 Nbd7 10. Be2 Qc7 11. h3 Bh5 12. Nd2 Bg6 13. Nf3 Rae8 14. Nh4 b6 15. Nxg6 fxg6 16. Bf3 h6 17. Be3 Rf7 18. Qd3 Nf8 19. Bd2 Rfe7 20. Rxe7 Rxe7 21. Re1 Kf7 22. Re3 Ne6 23. Ne2 Qb7 24. c3 c5 25. b4 c4 26. Qc2 Ng5 27. Rxe7+ Qxe7 28. Bxg5 hxg5 29. Qd2 Nh5 30. Bxd5+ Kf8 31. Bxc4 Bb8 32. Qe3 Qc7 33. Qf3+ Nf6 34. Qg3 Qxc4 35. Qxb8+ Ne8 36. Ng3 Qxa2 37. Qa8 Qa1+ 38. Kh2 Qxc3 39. d5 Qxb4 40. Qxa7 Nd6 41. Qb8+ Kf7 42. Qc7+ Kf6 43. Qd8+ Kf7 44. Qxg5 b5 45. Qc1 Kf6 46. Qa1+ Kf7 47. Ne2 Qe4 48. Qa2 Qb4 49. f4 Qc5 50. Qb3 Ke7 51. Nc3 Kf7 52. Kg3 Kf8 53. Kg4 Qc8+ 54. Kf3 Qc5 55. Ne4 Nxe4 56. Kxe4 Ke7 57. Ke5 Qd6+ 58. Ke4 Qc5 59. g3 Kd6 1/2-1/2

[Event "GER-chT U14 Girls"]
[Site "Magdeburg"]
[Date "2015.12.28"]
[Round "4.2"]
[White "Paulweber, Lara Maria"]
[Black "Heinze, Sabrina"]
[Result "1-0"]
[WhiteElo "1410"]
[BlackElo "1318"]
[PlyCount "71"]
[EventDate "2015.12.27"]
[EventType "team-swiss"]
[EventRounds "7"]
[EventCountry "GER"]
[SourceTitle "EXT 2017"]
[Source "ChessBase"]
[SourceDate "2016.10.25"]
[SourceVersion "1"]
[SourceVersionDate "2016.10.25"]
[SourceQuality "1"]
[WhiteTeam "Duesseldorf"]
[BlackTeam "Ammersee"]
[WhiteTeamCountry "GER"]
[BlackTeamCountry "GER"]

1. d4 d5 2. Nf3 Nf6 3. Bf4 Nbd7 4. e3 c6 5. Bd3 e6 6. Nbd2 Be7 7. c3 Qb6 8. Qc2 c5 9. Qb1 c4 10. Bc2 0-0 11. Ne5 a6 12. Ndf3 Nxe5 13. Nxe5 h6 14. g4 Nd7 15. Rg1 Nxe5 16. dxe5 Qd8 17. Bg3 f6 18. exf6 Rxf6 19. Bh4 Rf7 20. Bxe7 Qxe7 21. Bg6 Rf8 22. Qc2 Qh4 23. Rg2 e5 24. Qd2 Be6 25. 0-0-0 b5 26. Bf5 Bf7 27. Rdg1 a5 28. g5 Be8 29. Qxd5+ Bf7 30. Qxe5 g6 31. gxh6 Qxh6 32. Rxg6+ Bxg6 33. Rxg6+ Kh7 34. Qe7+ Kh8 35. Rxh6+ Kg8 36. Qh7# 1-0

[Event "Augsburg op"]
[Site "Augsburg"]
[Date "2013.12.29"]
[Round "6"]
[White "Heinze, Sabrina"]
[Black "Crone, Stephan"]
[Result "0-1"]
[WhiteElo "889"]
[BlackElo "1809"]
[PlyCount "94"]
[EventDate "2013.12.27"]
[EventType "swiss"]
[EventRounds "7"]
[EventCountry "GER"]
[SourceTitle "CBM 158 Extra"]
[Source "ChessBase"]
[SourceDate "2014.02.28"]
[SourceVersion "1"]
[SourceVersionDate "2014.02.28"]
[SourceQuality "1"]

1. e4 c5 2. Nf3 d6 3. Be2 Nc6 4. 0-0 Nf6 5. d3 g6 6. Bg5 Bg7 7. Nc3 0-0 8. Qd2 a6 9. Rfe1 Be6 10. Bh6 b5 11. Bxg7 Kxg7 12. Nd1 Qa5 13. Qxa5 Nxa5 14. a3 Nc6 15. Ne3 h6 16. c3 d5 17. exd5 Nxd5 18. Nxd5 Bxd5 19. d4 cxd4 20. cxd4 e6 21. h3 Rfd8 22. Red1 f6 23. Ne1 Rac8 24. Nc2 Bb3 25. Rac1 Na5 26. Rd2 Rd7 27. Kh2 Ba4 28. Bd1 Nb3 29. Na1 Nxc1 30. Bxa4 bxa4 31. g3 Nb3 32. Rd1 Nxa1 33. Rxa1 Rc2 34. Re1 Kf7 35. Rf1 Rxd4 36. Kg2 Rdd2 37. Kf3 Rxb2 38. Ke3 Rdc2 39. Rd1 Ke7 40. Rd4 Rc3+ 41. Ke4 Re2+ 42. Kf4 e5+ 43. Kg4 exd4 44. Kh4 d3 45. g4 d2 46. f4 Ree3 47. f5 Rxh3# 0-1

[Event "Augsburg op"]
[Site "Augsburg"]
[Date "2013.12.27"]
[Round "1"]
[White "Koelbl, Wolfgang"]
[Black "Heinze, Sabrina"]
[Result "1-0"]
[WhiteElo "1892"]
[BlackElo "889"]
[PlyCount "39"]
[EventDate "2013.12.27"]
[EventType "swiss"]
[EventRounds "7"]
[EventCountry "GER"]
[SourceTitle "CBM 158 Extra"]
[Source "ChessBase"]
[SourceDate "2014.02.28"]
[SourceVersion "1"]
[SourceVersionDate "2014.02.28"]
[SourceQuality "1"]

1. d4 d5 2. Nf3 Nc6 3. c3 Bg4 4. e3 Nf6 5. Bd3 e6 6. Nbd2 Bd6 7. 0-0 0-0 8. e4 dxe4 9. Nxe4 Nxe4 10. Bxe4 Rb8 11. b4 Ne7 12. Bxh7+ Kh8 13. Bc2 c6 14. Re1 Bc7 15. Re4 Bxf3 16. Qxf3 Kg8 17. Rh4 Nf5 18. Rh3 Nh4 19. Qh5 Ng6 20. Qh7# 1-0